[Event "ICS rated blitz match"]
[Site "204.178.125.65"]
[Date "2001.07.07"]
[Round "?"]
[White "Hossa"]
[Black "sekere"]
[Result "1-0"]
[WhiteElo "2578"]
[BlackElo "2086"]
[PlyCount "51"]
[EventDate "2001.??.??"]

1. c4 c6 2. Nc3 Nf6 3. e4 d6 4. d4 Nbd7 5. Nf3 Qc7 6. Bd3 e5 7. O-O Be7 8. Re1
O-O 9. Bg5 h6 10. Be3 Re8 11. Qd2 Nf8 12. dxe5 dxe5 13. Qe2 Bg4 14. Red1 b6 15.
Bc2 Rad8 16. Rd3 Rxd3 17. Bxd3 Rd8 18. Rd1 Ng6 19. h3 Be6 20. Ne1 Nf4 21. Bxf4
exf4 22. Nf3 g5 23. e5 Nd7 24. Qe4 Nc5 25. Qh7+ Kf8 26. Qh8# {sekere checkmated
} 1-0

[Event "ICS rated bullet match"]
[Site "204.178.125.65"]
[Date "2001.07.07"]
[Round "?"]
[White "fyrfactory"]
[Black "Hossa"]
[Result "0-1"]
[WhiteElo "2116"]
[BlackElo "2529"]
[PlyCount "106"]
[EventDate "2001.??.??"]

1. e4 Nc6 2. d4 d5 3. e5 Bf5 4. c3 f6 5. exf6 exf6 6. Nf3 Qd7 7. Be2 O-O-O 8.
O-O Re8 9. b4 Bd6 10. a4 Nge7 11. Be3 Ng6 12. a5 Bf4 13. b5 Nd8 14. Qd2 Qe7 15.
b6 axb6 16. axb6 Bxe3 17. fxe3 Bxb1 18. Rfxb1 Qxe3+ 19. Qxe3 Rxe3 20. Kf2 Rxc3
21. bxc7 Kxc7 22. Ra8 Nf4 23. g3 Nxe2 24. Kxe2 Re8+ 25. Kf2 Rc2+ 26. Kg1 Ree2
27. Ra5 Rg2+ 28. Kh1 Rgf2 29. Nh4 g5 30. Nf5 Rxf5 31. Rc5+ Rxc5 32. dxc5 Kc6
33. Re1 Re5 34. Kg1 Rxe1+ 35. Kf2 Ra1 36. h4 Ra2+ 37. Kf3 g4+ 38. Kxg4 Rf2 39.
Kh5 Nf7 40. Kg4 Kxc5 41. Kh3 b5 42. Kg4 f5+ 43. Kh3 h5 44. g4 hxg4+ 45. Kg3
Rf3+ 46. Kg2 b4 47. h5 b3 48. h6 f4 49. h7 b2 50. h8=Q Nxh8 51. Kg1 b1=Q+ 52.
Kg2 Qf1+ 53. Kh2 Rf2# {fyrfactory checkmated} 0-1

[Event "ICS rated bullet match"]
[Site "204.178.125.65"]
[Date "2001.07.07"]
[Round "?"]
[White "Hossa"]
[Black "CleverLever"]
[Result "1-0"]
[WhiteElo "2536"]
[BlackElo "2049"]
[PlyCount "103"]
[EventDate "2001.??.??"]

1. c4 e6 2. Nc3 d6 3. e4 h6 4. d4 a6 5. Nf3 b6 6. Bd3 g6 7. O-O Bg7 8. Be3 Bb7
9. Qd2 Ne7 10. Bf4 Nd7 11. Bc2 Rc8 12. Ba4 Ra8 13. Rfe1 Rc8 14. a3 Ra8 15. b3
Qc8 16. Rf1 Qd8 17. Qe3 Qc8 18. Rac1 Qd8 19. Rc2 Qb8 20. Qe2 Qc8 21. Qd2 Qd8
22. Re1 Qb8 23. Bxd7+ Kxd7 24. Qe2 Ke8 25. Rd2 Qc8 26. Rd3 Qb8 27. Na2 Qd8 28.
Rd2 Qb8 29. Nb4 Qc8 30. e5 d5 31. Nd3 c6 32. c5 b5 33. a4 Qb8 34. Ra2 Qc7 35.
axb5 axb5 36. Rxa8+ Bxa8 37. Ra1 Qb8 38. Nb4 Kf8 39. Na6 Qb7 40. Nc7 Qxc7 41.
Rxa8+ Nc8 42. Qc2 Kg8 43. h4 Kh7 44. h5 Rg8 45. Qd3 Ne7 46. Ra1 Nf5 47. g4 Ne7
48. Ng5+ hxg5 49. hxg6+ Nxg6 50. Qh3+ Bh6 51. Bxg5 Kg7 52. Qxh6# {
CleverLever checkmated} 1-0

[Event "ICS rated bullet match"]
[Site "204.178.125.65"]
[Date "2001.07.07"]
[Round "?"]
[White "CleverLever"]
[Black "Hossa"]
[Result "0-1"]
[WhiteElo "2047"]
[BlackElo "2538"]
[PlyCount "78"]
[EventDate "2001.??.??"]

1. d3 d5 2. e3 e5 3. a3 Bd6 4. h3 Nf6 5. g3 O-O 6. b3 a5 7. Bb2 a4 8. b4 Re8 9.
Bg2 c5 10. c3 Bf5 11. Ne2 Qd7 12. bxc5 Bxc5 13. d4 Qb5 14. Qd2 Bxb1 15. Rxb1
Bxa3 16. O-O Bxb2 17. Rxb2 Qd7 18. Rfb1 a3 19. Rxb7 Qxb7 20. Rxb7 a2 21. Qxa2
Rxa2 22. Kh2 Rxe2 23. dxe5 Ne4 24. Bxe4 dxe4 25. Kg1 Nc6 26. Kg2 Rc2 27. g4
Rxc3 28. Rc7 g6 29. Kg3 Rxe5 30. Kf4 g5+ 31. Kg3 Kg7 32. h4 Nd4 33. hxg5 Ne2+
34. Kg2 Rxc7 35. Kf1 Rc1+ 36. Kg2 Rg1+ 37. Kh2 Rxg5 38. f3 exf3 39. Kh3 Rh1# {
CleverLever checkmated} 0-1

[Event "ICS rated bullet match"]
[Site "204.178.125.65"]
[Date "2001.07.07"]
[Round "?"]
[White "CleverLever"]
[Black "Hossa"]
[Result "0-1"]
[WhiteElo "2043"]
[BlackElo "2542"]
[PlyCount "158"]
[EventDate "2001.??.??"]

1. d3 d5 2. e3 e5 3. a3 Nf6 4. h3 Bd6 5. g3 O-O 6. Bg2 Bd7 7. b3 Nc6 8. Bb2 Bf5
9. Ne2 Qd7 10. Nd2 Rfe8 11. Qc1 a6 12. Qd1 a5 13. Qb1 a4 14. b4 Rac8 15. Qd1
Rb8 16. Rc1 Ra8 17. Rb1 Rac8 18. Ra1 Rcd8 19. Qc1 Ra8 20. Qb1 Ne7 21. Qd1 Ng6
22. Qc1 c6 23. Qd1 b6 24. Qb1 Ra7 25. Qd1 Rd8 26. Qc1 Qe7 27. Qb1 Rb7 28. Qd1
Ra8 29. Rc1 Qd7 30. Ra1 Rd8 31. Qb1 Qe8 32. Qc1 Qe6 33. Qd1 Qc8 34. Qc1 Ra7 35.
Qd1 Ne7 36. Qc1 Qd7 37. Qd1 Rb7 38. Qc1 Re8 39. Qb1 Ra7 40. Qc1 Raa8 41. Qd1
Red8 42. Qc1 Rf8 43. Qb1 Ra7 44. Qd1 Be6 45. Qc1 Ng6 46. Qb1 c5 47. Qc1 cxb4
48. axb4 Bxb4 49. Qd1 a3 50. Bc1 a2 51. Kf1 Rc8 52. Kg1 Qc7 53. Kh2 Qxc2 54.
Qxc2 Rxc2 55. Rd1 Bf5 56. e4 dxe4 57. dxe4 Be6 58. Kg1 Rd7 59. Kf1 Bxd2 60.
Bxd2 Rdxd2 61. Rxd2 Rxd2 62. Kg1 Rxe2 63. Kh2 Nxe4 64. Bxe4 Rxe4 65. Kg2 Rb4
66. Rxa2 Bd5+ 67. Kf1 Bxa2 68. Ke2 Rb2+ 69. Kd3 Rb3+ 70. Ke4 f5+ 71. Kd5 Rd3+
72. Kc6 Ne7+ 73. Kb5 Rd5+ 74. Ka6 Bc4+ 75. Kb7 Kf8 76. Ka8 Rd7 77. Kb8 Nc6+ 78.
Kc8 Ke8 79. g4 Ba6# {CleverLever checkmated} 0-1

[Event "ICS rated standard match"]
[Site "204.178.125.65"]
[Date "2001.07.07"]
[Round "?"]
[White "Hossa"]
[Black "Endon"]
[Result "1-0"]
[WhiteElo "2326"]
[BlackElo "2128"]
[PlyCount "93"]
[EventDate "2001.??.??"]

1. c4 e5 2. Nf3 d6 3. d4 e4 4. Ng5 f5 5. d5 Be7 6. Ne6 Bxe6 7. dxe6 Nc6 8. Nc3
Bf6 9. Nd5 g6 10. g4 fxg4 11. Bg2 Be5 12. Bxe4 Nf6 13. Bg5 O-O 14. Rb1 Qc8 15.
Bg2 Rb8 16. e7 Rf7 17. Nxf6+ Bxf6 18. Bxf6 Rxf6 19. Bd5+ Kg7 20. Bxc6 bxc6 21.
Qd4 c5 22. Qd3 Qe6 23. Rg1 Qxe7 24. b3 Rbf8 25. Rg2 h5 26. Rd1 Qe5 27. Qc2 Qf4
28. Qd3 h4 29. e3 Qf3 30. Qd5 h3 31. Qxf3 Rxf3 32. Rxg4 Rxf2 33. Rd5 Rxh2 34.
Rdg5 Rxa2 35. Rxg6+ Kf7 36. Rg7+ Ke8 37. Re4+ Kd8 38. Rh4 h2 39. Rgh7 Rff2 40.
Rg7 Kc8 41. Rg5 Rfb2 42. Rd5 Ra1+ 43. Rd1 h1=Q+ 44. Rxh1 Rbb1 45. Kd2 Rb2+ 46.
Ke1 Rd2 47. Kxd2 {Endon resigns} 1-0

[Event "ICS rated standard match"]
[Site "204.178.125.65"]
[Date "2001.07.07"]
[Round "?"]
[White "IronMaiden"]
[Black "Hossa"]
[Result "1-0"]
[WhiteElo "2204"]
[BlackElo "2334"]
[PlyCount "153"]
[EventDate "2001.??.??"]

1. d4 d5 2. Nf3 Qd6 3. e3 Nc6 4. Bb5 Bg4 5. O-O O-O-O 6. Nbd2 h5 7. b3 g5 8.
Bb2 h4 9. c4 h3 10. g3 e6 11. a4 Bg7 12. Ba3 Qd7 13. Qc2 Bf5 14. Qc3 Bf6 15.
Rfc1 g4 16. Ne1 Nge7 17. a5 e5 18. a6 exd4 19. axb7+ Kxb7 20. Qb2 dxe3 21. Qxf6
exf2+ 22. Kxf2 Qe6 23. Qxe6 fxe6 24. Bc5 d4 25. Nc2 e5 26. Nb4 Nxb4 27. Bxb4
Rh7 28. Bc5 Ra8 29. Re1 Rf7 30. Kg1 c6 31. Ba6+ Kc7 32. Rxe5 Ng6 33. Ree1 d3
34. Re3 Rh7 35. Rae1 Rh5 36. b4 Rb8 37. Re8 Rxe8 38. Rxe8 Rh8 39. Rxh8 Nxh8 40.
Bxa7 Nf7 41. Bd4 Ng5 42. Kf2 Ne6 43. Be3 Kd7 44. c5 Nc7 45. Bc4 Nb5 46. Bxb5
cxb5 47. Bd4 Kc6 48. Ke3 Kd5 49. Bc3 Kc6 50. Kf4 Be6 51. Ke5 Bd5 52. Ne4 Bf7
53. Nd6 Bb3 54. Kd4 Bc2 55. Bd2 Bd1 56. Kxd3 Bf3 57. Kd4 Be2 58. Ke5 Bd3 59.
Ne8 Bc4 60. Nf6 Be2 61. Kf4 Bf3 62. Nxg4 Bg2 63. Nf6 Kc7 64. g4 Kd8 65. g5 Bf1
66. g6 Bc4 67. g7 Be6 68. Ke5 Bf7 69. Kd6 Kc8 70. c6 Bc4 71. g8=Q+ Bxg8 72.
Nxg8 Kd8 73. Nf6 Kc8 74. c7 Kb7 75. Kd7 Ka6 76. c8=Q+ Ka7 77. Be3# {
Hossa checkmated} 1-0

[Event "ICS rated blitz match"]
[Site "204.178.125.65"]
[Date "2001.07.07"]
[Round "?"]
[White "potty"]
[Black "Hossa"]
[Result "1-0"]
[WhiteElo "2023"]
[BlackElo "2580"]
[PlyCount "109"]
[EventDate "2001.??.??"]

1. d4 d5 2. c4 dxc4 3. e4 c5 4. d5 Nf6 5. Nc3 b5 6. e5 Ng4 7. e6 Nf6 8. exf7+
Kxf7 9. Nxb5 Qxd5 10. Qxd5+ Nxd5 11. Bxc4 e6 12. Bxd5 exd5 13. Nc7 Bd6 14. Nxa8
Re8+ 15. Kd1 Nc6 16. Nf3 Bg4 17. Be3 d4 18. Bd2 Rxa8 19. h3 Bxf3+ 20. gxf3 d3
21. Re1 Nd4 22. Re4 Nxf3 23. Bf4 Rd8 24. Bxd6 Rxd6 25. Rf4+ Rf6 26. Rxf6+ Kxf6
27. Rc1 Ng5 28. Rxc5 Nxh3 29. Kd2 Nxf2 30. Rc6+ Kf7 31. Rc7+ Kf6 32. Rc6+ Kf7
33. Rc7+ Kf6 34. Rxa7 h5 35. Ra6+ Kf5 36. b4 g5 37. Rh6 h4 38. b5 g4 39. b6 Kg5
40. Rh8 Ne4+ 41. Ke3 d2 42. Rd8 Ng3 43. Kxd2 Ne4+ 44. Ke3 h3 45. Kxe4 g3 46.
Kf3 h2 47. Kg2 Kf5 48. b7 Ke5 49. b8=Q+ Ke6 50. Qxg3 Kf7 51. Rd6 Kf8 52. Rd7
Ke8 53. Ra7 h1=Q+ 54. Kxh1 Kd8 55. Qb8# {Hossa checkmated} 1-0

[Event "ICS rated blitz match"]
[Site "204.178.125.65"]
[Date "2001.07.07"]
[Round "?"]
[White "Hossa"]
[Black "Kob"]
[Result "1-0"]
[WhiteElo "2550"]
[BlackElo "2143"]
[PlyCount "29"]
[EventDate "2001.??.??"]

1. c4 e5 2. Nc3 Bb4 3. Nd5 Be7 4. d4 d6 5. e4 c6 6. Nxe7 Qxe7 7. Ne2 Nf6 8.
dxe5 Nxe4 9. f3 Nc5 10. exd6 Qh4+ 11. Ng3 O-O 12. Be3 Re8 13. Qd2 Nba6 14.
O-O-O Be6 15. Bg5 {Kob resigns} 1-0

[Event "ICS rated blitz match"]
[Site "204.178.125.65"]
[Date "2001.07.07"]
[Round "?"]
[White "Kob"]
[Black "Hossa"]
[Result "0-1"]
[WhiteElo "2140"]
[BlackElo "2553"]
[PlyCount "36"]
[EventDate "2001.??.??"]

1. e4 Nc6 2. d4 d5 3. e5 Bf5 4. c3 e6 5. f4 Be7 6. Nf3 Qd7 7. Nbd2 Nh6 8. b4 a5
9. b5 Na7 10. a4 O-O 11. h3 Be4 12. Nxe4 dxe4 13. Ng5 Bxg5 14. fxg5 Nf5 15. Bf4
c6 16. g4 Nh4 17. bxc6 Qxc6 18. Be2 Ng2+ {Kob resigns} 0-1

[Event "ICS rated standard match"]
[Site "204.178.125.65"]
[Date "2001.07.07"]
[Round "?"]
[White "ChesterX"]
[Black "Hossa"]
[Result "1-0"]
[WhiteElo "2587"]
[BlackElo "2312"]
[PlyCount "141"]
[EventDate "2001.??.??"]

1. Nf3 Nf6 2. c4 g6 3. Nc3 Bg7 4. g3 d6 5. Bg2 O-O 6. O-O e5 7. d3 Nc6 8. Rb1
Bd7 9. Bg5 Qc8 10. Nd5 Nxd5 11. cxd5 Nb4 12. e4 f6 13. Be3 Na6 14. Rc1 f5 15.
Qb3 f4 16. Bd2 Nc5 17. Qa3 Bb5 18. Rc3 fxg3 19. hxg3 Qg4 20. Nh2 Qd7 21. Be3
Na4 22. Rc2 c6 23. Nf3 cxd5 24. Qb3 Bc6 25. exd5 Bb5 26. Rfc1 Nc5 27. Bxc5 Ba4
28. Qa3 Bxc2 29. Bxd6 e4 30. dxe4 Bxe4 31. Bxf8 Rxf8 32. d6 Bxf3 33. Bxf3 Qf7
34. Kg2 Bxb2 35. Qxb2 Qxf3+ 36. Kg1 Qd5 37. Qb4 Rd8 38. Qa4 Qxd6 39. Qb3+ Kg7
40. Qb2+ Kf7 41. Qxb7+ Rd7 42. Qf3+ Kg7 43. Rc8 Qb4 44. a4 Rf7 45. Qd1 Qb6 46.
Qd2 Qf6 47. a5 g5 48. Rd8 Qe7 49. Rd6 Qe5 50. Rd5 Qa1+ 51. Kg2 h6 52. Rd6 Qe5
53. Qd3 Qxa5 54. Rg6+ Kh8 55. Rxh6+ Kg8 56. Qg6+ Kf8 57. Rh8+ Ke7 58. Qe4+ Kd7
59. Qe8+ Kd6 60. Rh6+ Kc5 61. Rc6+ Kb4 62. Qe4+ Ka3 63. Qd3+ Ka4 64. Qd1+ Kb4
65. Qd2+ Kb5 66. Qd5+ Kb4 67. Rc4+ Kb3 68. Qd3+ Qc3 69. Qxc3+ Ka2 70. Ra4+ Kb1
71. Ra1# {Hossa checkmated} 1-0

[Event "ICS rated standard match"]
[Site "204.178.125.65"]
[Date "2001.07.07"]
[Round "?"]
[White "Hossa"]
[Black "ChesterX"]
[Result "0-1"]
[WhiteElo "2307"]
[BlackElo "2592"]
[PlyCount "92"]
[EventDate "2001.??.??"]

1. c4 Nf6 2. Nf3 e6 3. d4 d5 4. Nc3 Be7 5. e3 O-O 6. c5 b6 7. cxb6 axb6 8. Be2
Ba6 9. Bxa6 Nxa6 10. O-O Bd6 11. Ne5 Bxe5 12. dxe5 Nd7 13. f4 f6 14. Qg4 Qe8
15. exf6 Nxf6 16. Qh4 Nc5 17. Rd1 Nfe4 18. Nxe4 Nxe4 19. Bd2 e5 20. Bb4 c5 21.
Be1 exf4 22. exf4 d4 23. Rd3 Qf7 24. Rh3 h6 25. Qg4 Qxf4 26. Qe2 Qe5 27. Qc4+
Kh8 28. Bh4 Rf4 29. Qb3 c4 30. Qxc4 d3 31. Qc6 Rxa2 32. Rb1 d2 33. Qxb6 Rxb2
34. Rb3 Rxb3 35. Qxb3 Qd4+ 36. Kh1 Rxh4 37. g3 Nxg3+ 38. Kg2 Qe4+ 39. Qf3 Rxh2+
40. Kxh2 Qxf3 41. Rb8+ Kh7 42. Rd8 Qf2+ 43. Kh3 Nf5 44. Kg4 Ne3+ 45. Kh3 Qg2+
46. Kh4 Qg4# {Hossa checkmated} 0-1

[Event "ICS rated bullet match"]
[Site "204.178.125.65"]
[Date "2001.07.07"]
[Round "?"]
[White "Hossa"]
[Black "Marpy1"]
[Result "1-0"]
[WhiteElo "2544"]
[BlackElo "2308"]
[PlyCount "39"]
[EventDate "2001.??.??"]

1. c4 c6 2. Nc3 d5 3. cxd5 cxd5 4. d4 Nf6 5. Bf4 Nc6 6. e3 Qb6 7. Qd2 e6 8. Nf3
Bb4 9. Bd3 Ne4 10. Bxe4 dxe4 11. Ng5 e5 12. dxe5 Bf5 13. Qc2 O-O 14. O-O h6 15.
Ngxe4 Rfe8 16. Nf6+ gxf6 17. Qxf5 Bf8 18. Nd5 Qd8 19. Nxf6+ Kg7 20. Qh7# {
Marpy1 checkmated} 1-0

[Event "ICS rated bullet match"]
[Site "204.178.125.65"]
[Date "2001.07.07"]
[Round "?"]
[White "Marpy1"]
[Black "Hossa"]
[Result "0-1"]
[WhiteElo "2371"]
[BlackElo "2551"]
[PlyCount "84"]
[EventDate "2001.??.??"]

1. d4 d5 2. Nf3 Qd6 3. c4 dxc4 4. e3 b5 5. a3 c6 6. Qc2 Nf6 7. Bd2 c5 8. a4 Bb7
9. axb5 cxd4 10. Nxd4 e5 11. Nf3 Be7 12. Bxc4 O-O 13. O-O Be4 14. Qb3 Nbd7 15.
Rd1 Nc5 16. Qa3 Bxf3 17. gxf3 Nfd7 18. Nc3 Nb6 19. Qa2 Qg6+ 20. Kh1 Qh5 21. Be2
Qh4 22. Rf1 Rfd8 23. Rad1 Rd7 24. Be1 Rxd1 25. Nxd1 Bf6 26. Nc3 Bg5 27. Ne4
Nxe4 28. fxe4 Qxe4+ 29. Kg1 Qg6 30. Kh1 Qf5 31. f3 Qc2 32. Rf2 Bh4 33. Kg2 Bxf2
34. Kxf2 Qa4 35. Qa3 Qh4+ 36. Kf1 Qxh2 37. Bf2 Qh3+ 38. Ke1 Qh1+ 39. Bf1 Rc8
40. Qb4 Rc1+ 41. Kd2 Qxf1 42. Qc4 Nxc4# {Marpy1 checkmated} 0-1

[Event "ICS rated blitz match"]
[Site "204.178.125.65"]
[Date "2001.07.07"]
[Round "?"]
[White "Hossa"]
[Black "ChesterX"]
[Result "0-1"]
[WhiteElo "2566"]
[BlackElo "2795"]
[PlyCount "90"]
[EventDate "2001.??.??"]

1. c4 c6 2. Nc3 d5 3. cxd5 cxd5 4. d4 Nf6 5. Bf4 Nc6 6. e3 a6 7. Rc1 Bf5 8. Nf3
Rc8 9. Nh4 Bg4 10. Be2 Bxe2 11. Qxe2 e6 12. O-O Be7 13. Nf3 O-O 14. Ng5 b5 15.
Bg3 b4 16. Na4 Qa5 17. b3 h6 18. Nh3 Ne4 19. Bf4 Nc3 20. Nxc3 bxc3 21. Qg4 Kh7
22. a4 Ba3 23. Ra1 Qb4 24. Qd1 Na5 25. Ra2 Bb2 26. Kh1 c2 27. Qd3+ Kg8 28. e4
dxe4 29. Qxa6 c1=Q 30. Bxc1 Bxc1 31. Rd1 Qxb3 32. Qe2 Rc7 33. Ng1 Rfc8 34. Ra1
Nb7 35. a5 Nd6 36. Ra2 Nb5 37. Rad2 Nc3 38. Qf1 Bxd2 39. Rxd2 Qa4 40. Qa6 Qa1
41. Qb6 Ne2 42. Qb1 Qxb1 43. Rxe2 Qxg1+ 44. Kxg1 Rc1+ 45. Re1 Rxe1# {
Hossa checkmated} 0-1

[Event "ICS rated standard match"]
[Site "204.178.125.65"]
[Date "2001.07.07"]
[Round "?"]
[White "ChesterX"]
[Black "Hossa"]
[Result "1-0"]
[WhiteElo "2597"]
[BlackElo "2338"]
[PlyCount "169"]
[EventDate "2001.??.??"]

1. e4 d5 2. Nc3 dxe4 3. Nxe4 Nf6 4. Nxf6+ exf6 5. d4 Be7 6. Nf3 Nc6 7. Bb5 Qd5
8. Bxc6+ Qxc6 9. O-O Bf5 10. Re1 Qxc2 11. Qxc2 Bxc2 12. Bf4 Bf5 13. Bxc7 Kd7
14. Ba5 Rae8 15. Nh4 Bg4 16. h3 Be6 17. Rec1 b6 18. Bd2 g5 19. Nf3 Bd5 20. Nh2
f5 21. Nf1 f4 22. Be1 f5 23. Bc3 g4 24. hxg4 fxg4 25. Bd2 Bd6 26. Bc3 b5 27. b4
Re2 28. a4 g3 29. f3 a6 30. axb5 axb5 31. Ra7+ Ke6 32. Bd2 h6 33. Ra6 Rf8 34.
Rb6 Bc4 35. d5+ Kd7 36. Bc3 Rb8 37. Ra6 Bxd5 38. Rd1 Ra8 39. Rxa8 Bxa8 40. Rd3
h5 41. Bd2 Kc6 42. Rxd6+ Kxd6 43. Bxf4+ Kd5 44. Bxg3 Kc4 45. Bd6 h4 46. Bc5 Kd3
47. Nh2 Kc3 48. Ng4 h3 49. Nf2 hxg2 50. Kxg2 Kc4 51. Kg3 Re1 52. f4 Rg1+ 53.
Kh3 Kb3 54. Kh4 Bd5 55. f5 Bc4 56. Ne4 Rg8 57. Ng5 Rh8+ 58. Kg4 Rh1 59. f6 Rf1
60. Ne4 Kc2 61. Kg5 Rf3 62. Nd6 Kc3 63. Kg6 Kb3 64. Nf7 Bxf7+ 65. Kxf7 Kc4 66.
Ke7 Kd5 67. f7 Rxf7+ 68. Kxf7 Kc6 69. Ke6 Kb7 70. Kd5 Kc7 71. Bd6+ Kb6 72. Bg3
Kb7 73. Kc5 Ka6 74. Bh4 Kb7 75. Kxb5 Kc7 76. Kc5 Kd7 77. b5 Kc7 78. b6+ Kd7 79.
Kd5 Ke8 80. Ke6 Kf8 81. b7 Kg7 82. Bf6+ Kh6 83. Kf5 Kh5 84. b8=Q Kh6 85. Qh8# {
Hossa checkmated} 1-0

[Event "ICS rated standard match"]
[Site "204.178.125.65"]
[Date "2001.07.07"]
[Round "?"]
[White "Hossa"]
[Black "Tinker"]
[Result "1/2-1/2"]
[WhiteElo "2332"]
[BlackElo "2326"]
[PlyCount "94"]
[EventDate "2001.??.??"]

1. c4 e5 2. Nc3 Nf6 3. Nf3 Nc6 4. e3 Bb4 5. Qc2 O-O 6. Nd5 Re8 7. Qf5 d6 8.
Nxf6+ gxf6 9. Qh5 e4 10. a3 exf3 11. axb4 Nxb4 12. Kd1 fxg2 13. Rg1 Kh8 14.
Rxg2 Rg8 15. Rg3 Qf8 16. d4 Rxg3 17. hxg3 Qg7 18. f3 Qxg3 19. Qxf7 Qxf3+ 20.
Be2 Qh1+ 21. Kd2 Qh6 22. Qxc7 Bf5 23. Qxb7 Re8 24. Ra3 Nc2 25. Qc6 Bg6 26. Qxd6
Qh4 27. Bd3 Qf2+ 28. Kc3 Bxd3 29. Rxa7 Bg6 30. Re7 Rxe7 31. Qxe7 h5 32. Bd2 Qf5
33. Qf8+ Kh7 34. Qe7+ Kg8 35. Qd8+ Kf7 36. Qc7+ Ke8 37. Qc6+ Ke7 38. Qb7+ Qd7
39. Qa8 Qe8 40. Qb7+ Kf8 41. e4 Qxe4 42. Bh6+ Ke8 43. Qc8+ Kf7 44. Qf8+ Ke6 45.
Qc8+ Kf7 46. Qf8+ Ke6 47. Qc8+ Kf7 {Game drawn by repetition} 1/2-1/2

[Event "ICS rated bullet match"]
[Site "204.178.125.65"]
[Date "2001.07.07"]
[Round "?"]
[White "Marpy1"]
[Black "Hossa"]
[Result "0-1"]
[WhiteElo "2335"]
[BlackElo "2567"]
[PlyCount "94"]
[EventDate "2001.??.??"]

1. d4 e6 2. Nf3 Nf6 3. Bg5 Be7 4. Bxf6 Bxf6 5. c3 O-O 6. Nbd2 d6 7. Ne4 Be7 8.
e3 c5 9. Bd3 cxd4 10. exd4 Nc6 11. O-O f5 12. Ng3 Kh8 13. Re1 Bd7 14. Qe2 Qc7
15. Rad1 Rf6 16. Bb1 Re8 17. Qd3 Na5 18. b3 Rh6 19. c4 Nc6 20. Re2 Nb4 21. Qd2
a5 22. Rde1 Qd8 23. Qd1 Bh4 24. Nxh4 Qxh4 25. h3 Rf8 26. Nf1 Rb8 27. Qd2 b6 28.
Qe3 b5 29. Qg3 Qxg3 30. fxg3 Nc6 31. d5 Nd4 32. Rd2 e5 33. cxb5 Rxb5 34. Red1
Rxd5 35. Ne3 Rc5 36. Rxd4 exd4 37. Rxd4 Rc1+ 38. Kf2 Rxb1 39. Nd5 Rb2+ 40. Kf3
Bc6 41. Kf4 Rf2+ 42. Ke3 Rxg2 43. Kf3 Rxa2 44. h4 Re6 45. Kf4 Rf2+ 46. Kg5 h6+
47. Kh5 Be8# {Marpy1 checkmated} 0-1

[Event "ICS rated bullet match"]
[Site "204.178.125.65"]
[Date "2001.07.07"]
[Round "?"]
[White "Marpy1"]
[Black "Hossa"]
[Result "0-1"]
[WhiteElo "2310"]
[BlackElo "2592"]
[PlyCount "54"]
[EventDate "2001.??.??"]

1. d4 e6 2. Nf3 Nf6 3. c4 d5 4. Nc3 dxc4 5. e3 Bb4 6. Bxc4 O-O 7. O-O Bd7 8.
Bd2 Bc6 9. a3 Bd6 10. Ne5 Bxe5 11. dxe5 Ne4 12. Nxe4 Bxe4 13. Bc3 Qg5 14. g3
Rd8 15. Qe2 Nd7 16. f3 Bg6 17. f4 Qf5 18. Rad1 Bh5 19. Qg2 Bxd1 20. Rxd1 Nb6
21. Rxd8+ Rxd8 22. Be2 Qc2 23. Qf1 Na4 24. Bd4 Nxb2 25. Bf3 c5 26. Qe2 Qc1+ 27.
Qd1 Nxd1 {Marpy1 resigns} 0-1

[Event "ICS rated bullet match"]
[Site "204.178.125.65"]
[Date "2001.07.07"]
[Round "?"]
[White "Hossa"]
[Black "Marpy1"]
[Result "1-0"]
[WhiteElo "2597"]
[BlackElo "2305"]
[PlyCount "103"]
[EventDate "2001.??.??"]

1. c4 c6 2. Nc3 d5 3. cxd5 cxd5 4. d4 Nf6 5. Bf4 Nc6 6. e3 e6 7. Nh3 Bb4 8. Bd3
O-O 9. a3 Bd6 10. Bxd6 Qxd6 11. f4 h6 12. O-O a6 13. Rc1 b5 14. Rf2 Bd7 15. b4
Rac8 16. Rfc2 Ne7 17. Qe2 Qb8 18. Nf2 Qb7 19. a4 bxa4 20. Bxa6 Qxb4 21. Nd3 Qb6
22. Bxc8 Rxc8 23. Nxa4 Qb8 24. Rxc8+ Bxc8 25. Ne5 Nd7 26. Nxd7 Bxd7 27. Nc5 Bc6
28. Qf2 Nf5 29. Rf1 Nd6 30. Qh4 Qe8 31. Rc1 Bd7 32. Ra1 Ne4 33. Nxe4 dxe4 34.
Qh5 f5 35. Qxe8+ Bxe8 36. Ra7 Bf7 37. h3 g6 38. Kf2 Kg7 39. g4 Kf6 40. g5+ hxg5
41. fxg5+ Kg7 42. Kg3 Kg8 43. Kf4 Kg7 44. Ke5 Kg8 45. Kf6 Be8 46. Kxe6 Kf8 47.
d5 f4 48. d6 fxe3 49. Ra8 e2 50. d7 e1=Q 51. dxe8=R+ Kg7 52. Re7# {
Marpy1 checkmated} 1-0

[Event "ICS rated blitz match"]
[Site "204.178.125.65"]
[Date "2001.07.07"]
[Round "?"]
[White "Tinker"]
[Black "Hossa"]
[Result "0-1"]
[WhiteElo "2495"]
[BlackElo "2559"]
[PlyCount "138"]
[EventDate "2001.??.??"]

1. e4 Nc6 2. Nf3 d6 3. d4 Nf6 4. Nc3 e6 5. Bb5 a6 6. Bxc6+ bxc6 7. O-O Be7 8.
Qe2 a5 9. Rd1 Ba6 10. Qe1 O-O 11. Kh1 Rb8 12. a3 Qc8 13. Nd2 Ra8 14. Qg1 Nd7
15. Nb3 Bb7 16. Be3 f5 17. Re1 a4 18. Nc1 Qe8 19. exf5 Rxf5 20. N3e2 Bh4 21.
Nd3 Qf7 22. Nef4 Rf8 23. Nh3 Ba6 24. Nb4 Bb5 25. Rad1 c5 26. dxc5 Nxc5 27. c4
Bd7 28. Rd4 Bf6 29. Rd2 Nb3 30. Rc2 Bh4 31. Ree2 e5 32. Rc3 Rh5 33. Bc1 Bxh3
34. Rxh3 Nd4 35. Qf1 Nxe2 36. Qxe2 Qxf2 37. Qxf2 Rxf2 38. g4 Rf1+ 39. Kg2 Rxc1
40. gxh5 Rxc4 41. Rc3 Rxc3 42. bxc3 Bg5 43. Nd3 e4 44. Nb2 Bc1 45. Nxa4 d5 46.
h3 Bxa3 47. Kg3 Kf7 48. Kf2 Ke6 49. Ke2 Ke5 50. Ke3 Bc1+ 51. Ke2 d4 52. cxd4+
Kxd4 53. Kd1 Bg5 54. Kc2 c5 55. Nc3 e3 56. Ne2+ Ke4 57. Ng1 Bf6 58. Kd1 c4 59.
Kc2 Bd4 60. Ne2 Ba1 61. Ng1 Be5 62. Kd1 h6 63. Kc2 Kf4 64. Kd1 c3 65. Kc2 Kg3
66. Ne2+ Kf2 67. Nc1 e2 68. h4 Kf1 69. Nd3 e1=N+ {Tinker resigns} 0-1

[Event "ICS rated blitz match"]
[Site "204.178.125.65"]
[Date "2001.07.07"]
[Round "?"]
[White "Chaos23"]
[Black "Hossa"]
[Result "0-1"]
[WhiteElo "2093"]
[BlackElo "2572"]
[PlyCount "84"]
[EventDate "2001.??.??"]

1. e4 Nc6 2. d4 d5 3. e5 Bf5 4. c3 f6 5. f4 Qd7 6. Na3 e6 7. Nc2 O-O-O 8. Ne3
Be4 9. Nf3 fxe5 10. fxe5 Be7 11. Be2 Nh6 12. b4 Rhf8 13. O-O Rde8 14. a4 Rf7
15. a5 Ref8 16. b5 Nb8 17. b6 cxb6 18. axb6 a6 19. Ba3 Kd8 20. c4 Bxa3 21. Rxa3
Ke8 22. Rc3 Nf5 23. Nxf5 Rxf5 24. cxd5 Bxd5 25. Rc7 Qd8 26. Nd2 Rxf1+ 27. Nxf1
Qh4 28. Ng3 Nd7 29. Bh5+ g6 30. Bf3 Nxb6 31. Bxd5 Nxd5 32. Rxb7 Nc3 33. Qd2 Qf4
34. Qxf4 Rxf4 35. Rxh7 Rxd4 36. Ra7 Ra4 37. Kf2 Nd5 38. Ne2 a5 39. Rg7 Ne7 40.
h4 Rxh4 41. Kg3 Nf5+ 42. Kf2 Nxg7 {Chaos23 resigns} 0-1

[Event "ICS rated standard match"]
[Site "204.178.125.65"]
[Date "2001.07.08"]
[Round "?"]
[White "Hossa"]
[Black "PostModernist"]
[Result "0-1"]
[WhiteElo "2349"]
[BlackElo "2351"]
[PlyCount "140"]
[EventDate "2001.??.??"]

1. c4 Nf6 2. Nf3 g6 3. Nc3 d5 4. Qa4+ c6 5. cxd5 Nxd5 6. Nxd5 Qxd5 7. e4 Qd8 8.
Be2 Bg7 9. d4 Bg4 10. Be3 Nd7 11. O-O O-O 12. Qc2 Re8 13. Ng5 Bxe2 14. Qxe2 e5
15. Qc4 Qf6 16. d5 Nb6 17. Qb3 h6 18. Bxb6 axb6 19. Nh3 Red8 20. Rfd1 b5 21.
Qc2 Ra4 22. dxc6 Rxd1+ 23. Qxd1 bxc6 24. Qc2 Qd6 25. b3 Rd4 26. a4 Rd2 27. Qc1
Qd3 28. a5 Bf8 29. Kh1 Rc2 30. Qb1 Qc3 31. a6 Bc5 32. Qd1 Bd4 33. Rb1 Ra2 34.
Rc1 Qb2 35. Rb1 Qa3 36. f4 Qxa6 37. fxe5 Bxe5 38. Qd8+ Kg7 39. Qe8 Bd4 40. Qd7
Qa7 41. Qxc6 Rxg2 42. Rf1 Rd2 43. Qe8 Bf6 44. Qxb5 Qe3 45. Ng1 Qxe4+ 46. Nf3
Rd1 47. Kg2 Qg4+ 48. Kf2 Bh4+ 49. Ke3 Qe6+ 50. Qe5+ Qxe5+ 51. Nxe5 Rxf1 52. Nf3
Bg5+ 53. Ke2 Rb1 54. Kf2 Rxb3 55. h3 Kf6 56. Ke2 Re3+ 57. Kf2 Rxf3+ 58. Kxf3
Kf5 59. Kg3 Ke4 60. Kf2 Bh4+ 61. Ke2 f5 62. Kf1 f4 63. Ke2 f3+ 64. Kd2 f2 65.
Kc2 f1=Q 66. Kc3 Qd3+ 67. Kb4 Be1+ 68. Ka4 Bd2 69. h4 Qc4+ 70. Ka3 Bc1# {
Hossa checkmated} 0-1